Statistics for 5 seconds of summer BEST QUIZ

Click here to take the quiz!

General Stats

  • This quiz has been taken 4 times
  • The average score is 2 of 15

Answer Stats

HintAnswer% Correct
what is ashton's mating call?jigglypuff
100%
what is luke?a breadstick
25%
who is daddy?ashton
25%
lets play titanic, you be iceberg and i'll ___ ___go down
25%
oh my god _____puberty
25%
what does michael want another of?slice
25%
what is michael's best hair color?brown
0%
whats calum's real name?ching chong
0%
boomerang ______dick
0%
5sos should perform __ ___ ____ ____ liveif you don't know
0%
____ is NOT deadmuke
0%
what is calum's alter ego?pimp flava
0%
follow @______ on twittertroublesmgc
0%
what's the first song that lucas covered?you found me
0%
calum will take you to ____ on his private jetzamibia
0%

Score Distribution

Percentile by Number Answered

Percent of People with Each Score

Your Score History

You have not taken this quiz